[Event "Xtracon Chess Open 2017"]
[Site "Helsingor DEN"]
[Date "2017.07.30"]
[Round "10.150"]
[White "Dahl, Max"]
[Black "Kocur, Marc"]
[Result "1-0"]
[WhiteElo "1660"]
[BlackElo "1934"]
[WhiteFideId "1526626"]
[BlackFideId "205036"]
[EventDate "2017.07.22"]

1. e4 d5 2. exd5 Nf6 3. d4 Bg4 4. Be2 Bxe2 5. Qxe2 Qxd5 6. Nf3 Nc6 7. c3 e6 8.
O-O Bd6 9. Re1 O-O 10. b3 Rfe8 11. Bb2 Qh5 12. c4 a5 13. a3 e5 14. dxe5 Ng4 15.
h3 Ngxe5 16. Nxe5 Qxe2 17. Rxe2 Nxe5 18. Bxe5 Bxe5 19. Raa2 Re6 20. a4 Rae8 21.
Kf1 h5 22. Rad2 g5 23. Rd3 Kg7 24. Nd2 g4 25. Ne4 Bd6 26. Nxd6 cxd6 27. Rxe6
Rxe6 28. Rd5 gxh3 29. gxh3 Kg6 30. Rxa5 f5 31. Rb5 Re7 32. Rb6 Kg5 33. Rxd6 Kf4
34. Rd3 h4 35. Kg2 Rg7+ 36. Kf1 Re7 37. a5 Re5 38. b4 Re4 39. Rc3 Rd4 40. b5 Ke5
41. Ke2 f4 42. a6 bxa6 43. bxa6 Rd8 44. Kf3 Kd4 45. Ra3 Kxc4 46. Kxf4 Kb5 47.
Kg4 Kb6 48. Kxh4 Ka7 49. f4 Rh8+ 50. Kg3 Ka8 51. f5 Rg8+ 52. Kf4 Rc8 53. f6 1-0

[Event "Xtracon Chess Open 2017"]
[Site "Helsingor DEN"]
[Date "2017.07.30"]
[Round "10.151"]
[White "Ski, Alexander K."]
[Black "Rasmussen, Henrik Egede"]
[Result "0-1"]
[WhiteElo "1658"]
[BlackElo "1926"]
[WhiteFideId "1521659"]
[BlackFideId "1417800"]
[EventDate "2017.07.22"]

1. e4 g6 2. d4 d6 3. Nf3 Bg7 4. Be2 c6 5. Nc3 Nf6 6. Bg5 O-O 7. O-O b5 8. a3 h6
9. Bf4 g5 10. Be3 Ng4 11. Qd3 Ba6 12. b4 Nxe3 13. fxe3 Nd7 14. Rf2 Nb6 15. Raf1
Nc4 16. Nd2 Nb2 17. e5 Nxd3 18. cxd3 dxe5 19. dxe5 Bxe5 20. Nde4 Bc8 21. h4 f5
22. hxg5 fxe4 23. Rxf8+ Qxf8 24. Rxf8+ Kxf8 25. Nxe4 hxg5 26. Nxg5 Bb2 27. Bf3
Bd7 0-1

[Event "Xtracon Chess Open 2017"]
[Site "Helsingor DEN"]
[Date "2017.07.30"]
[Round "10.152"]
[White "Oland, Arne"]
[Black "Langvik, Ulrikke"]
[Result "0-1"]
[WhiteElo "1912"]
[BlackElo "1640"]
[WhiteFideId "1422081"]
[BlackFideId "1517910"]
[EventDate "2017.07.22"]

1. d4 e6 2. e4 d5 3. e5 c5 4. c3 Qb6 5. Nf3 Nc6 6. Be2 Nh6 7. O-O cxd4 8. cxd4
Nf5 9. Nc3 Nfxd4 10. Be3 Nxf3+ 11. Bxf3 Qxb2 12. Rc1 Nxe5 13. Bxd5 Be7 14. Bb3
O-O 15. Rc2 Qa3 16. Nb5 Qa5 17. Nc7 Rb8 18. Qd4 Nc6 19. Rxc6 bxc6 20. Bf4 Rb4
21. Qe3 Bd8 22. Nxe6 Bxe6 23. Bxe6 Re8 24. Bd6 Rb7 25. Bxf7+ Kxf7 26. Qf3+ Kg8
27. Qxc6 Qb5 28. Qc2 Ba5 29. g3 Qd5 30. Ba3 Rb6 31. Bc1 Rbe6 32. Be3 Bb6 33. Rd1
Qc6 34. Qb3 Kh8 35. Bxb6 Re1+ 0-1

[Event "Xtracon Chess Open 2017"]
[Site "Helsingor DEN"]
[Date "2017.07.30"]
[Round "10.153"]
[White "Stuhlmann, Alexander"]
[Black "Shehzad, Kasher"]
[Result "0-1"]
[WhiteElo "1895"]
[BlackElo "1650"]
[WhiteFideId "12969788"]
[BlackFideId "1521934"]
[EventDate "2017.07.22"]

1. e4 c5 2. Nf3 d6 3. c4 Nc6 4. Nc3 g6 5. d4 cxd4 6. Nxd4 Bg7 7. Be3 Nf6 8. Be2
a6 9. Qd2 Nxd4 10. Bxd4 Be6 11. O-O Rc8 12. b3 O-O 13. Rac1 Qd7 14. f3 Rc6 15.
Qb2 Ne8 16. Rfd1 Bxd4+ 17. Rxd4 Qc7 18. Rdd1 Ng7 19. Nd5 Bxd5 20. exd5 Qb6+ 21.
Qd4 Qxd4+ 22. Rxd4 Rc7 23. g4 h5 24. h3 h4 25. Bd3 g5 26. Re1 Re8 27. f4 f6 28.
fxg5 fxg5 29. Bg6 Rf8 30. Rde4 Rf6 31. Bf5 Kf8 32. Be6 Nxe6 33. Rxe6 Rxe6 34.
Rxe6 Kf7 35. Kf2 Rc5 36. Ke3 b5 37. Kd3 bxc4+ 38. bxc4 Ra5 39. Ke4 Ra3 40. Kf5
Rxh3 41. Kxg5 Rh2 42. Kh6 Rg2 43. g5 h3 44. Re1 h2 45. Rf1+ Kg8 46. Rh1 Rxa2 47.
g6 Rg2 48. g7 a5 49. Rb1 Rxg7 50. Rb8+ Kf7 0-1

[Event "Xtracon Chess Open 2017"]
[Site "Helsingor DEN"]
[Date "2017.07.30"]
[Round "10.154"]
[White "Bratteteig, Tore-Inge"]
[Black "Sandberg, Martin"]
[Result "0-1"]
[WhiteElo "1637"]
[BlackElo "1893"]
[WhiteFideId "1510711"]
[BlackFideId "1707159"]
[EventDate "2017.07.22"]

1. d4 d6 2. Nf3 f5 3. g3 Nf6 4. Bg2 e6 5. c4 Be7 6. O-O O-O 7. Nc3 c6 8. Re1 Ne4
9. Qc2 d5 10. c5 b6 11. b4 a5 12. Ba3 Na6 13. Rab1 axb4 14. Bxb4 Nxb4 15. Rxb4
bxc5 16. Rb2 Bf6 17. e3 cxd4 18. exd4 c5 19. Ne2 Ba6 20. Rd1 Rc8 21. Qa4 Bc4 22.
Qa3 Ra8 23. Qe3 Bxa2 24. Bf1 Bc4 25. Nf4 Bxf1 26. Nxe6 Qe7 27. Nxf8 Bh3 28. Nxh7
Kxh7 29. Rf1 Ra7 30. Rb8 cxd4 31. Nxd4 Ra2 32. Ne2 Bg4 33. Re1 Ra3 34. Qc1 Bxe2
35. Rxe2 Rc3 36. Qd1 Qf7 37. Kg2 Qh5 38. Qf1 Ng5 39. Re3 Rxe3 40. fxe3 Qh3+ 41.
Kg1 Qg4 42. Kg2 Qe4+ 43. Kf2 Qf3+ 44. Kg1 Qxe3+ 45. Kg2 Qe4+ 0-1

[Event "Xtracon Chess Open 2017"]
[Site "Helsingor DEN"]
[Date "2017.07.30"]
[Round "10.155"]
[White "Vinter, Christoffer"]
[Black "Hansen, Verner"]
[Result "0-1"]
[WhiteElo "1633"]
[BlackElo "1855"]
[WhiteFideId "1449737"]
[BlackFideId "1425285"]
[EventDate "2017.07.22"]

1. e4 e5 2. Nf3 Nc6 3. Bb5 a6 4. Ba4 Nf6 5. Nc3 d6 6. O-O Bg4 7. h3 Bh5 8. d3 b5
9. Bb3 Be7 10. Bg5 O-O 11. g4 Nxg4 12. Bxe7 Qxe7 13. Ne2 Nh6 14. Ng3 Bxf3 15.
Qxf3 Nd4 16. Qg2 Kh8 17. f4 Rae8 18. f5 Qg5 19. Kh1 g6 20. c3 Nc6 21. Bd1 gxf5
22. Nxf5 Qxg2+ 23. Kxg2 Nxf5 24. Rxf5 Ne7 25. Rf1 Ng6 26. Kh2 Nf4 27. d4 Rg8 28.
Bf3 Rg6 29. Rg1 Reg8 30. Rxg6 Rxg6 31. Rg1 Rxg1 32. Kxg1 Nd3 33. b4 Nc1 34. a3
exd4 35. cxd4 Nb3 36. d5 Nd2 37. Bg4 Nxe4 38. Bc8 Kg7 39. Bxa6 Nc3 40. Kf2 Kf6
41. Ke3 Nxd5+ 42. Kd4 c6 43. Bb7 Ne7 0-1

[Event "Xtracon Chess Open 2017"]
[Site "Helsingor DEN"]
[Date "2017.07.30"]
[Round "10.156"]
[White "Stam, Bart"]
[Black "Hansen, Anders2"]
[Result "1-0"]
[WhiteElo "1854"]
[BlackElo "1624"]
[WhiteFideId "1006240"]
[BlackFideId "1711237"]
[EventDate "2017.07.22"]

1. e4 c5 2. Nf3 Nc6 3. Bb5 Qc7 4. O-O e6 5. c4 a6 6. Ba4 Nf6 7. Nc3 b6 8. d3 Bb7
9. Bg5 h5 10. Qd2 Bd6 11. Ne2 Ng4 12. h3 Nce5 13. Nxe5 Nxe5 14. f4 Ng4 15. f5
Bh2+ 16. Kh1 Ne5 17. fxe6 fxe6 18. Nf4 Bxf4 19. Qxf4 Qd6 20. Bh4 Rf8 21. Qg5 g6
22. Rxf8+ Kxf8 23. Qh6+ 1-0

[Event "Xtracon Chess Open 2017"]
[Site "Helsingor DEN"]
[Date "2017.07.30"]
[Round "10.157"]
[White "Tenold, Andreas"]
[Black "Narheim, Mats"]
[Result "0-1"]
[WhiteElo "1845"]
[BlackElo "1519"]
[WhiteFideId "1525840"]
[BlackFideId "1518607"]
[EventDate "2017.07.22"]

1. c4 Nf6 2. Nc3 c5 3. g3 Nc6 4. Bg2 g6 5. d3 Bg7 6. e4 d6 7. Nge2 Bd7 8. O-O
Qc8 9. Nf4 O-O 10. Nfd5 Ng4 11. h3 Nf6 12. Kh2 Re8 13. f4 h6 14. Bd2 Rb8 15. Qf3
Nd4 16. Qf2 b6 17. Rae1 a6 18. e5 Nxd5 19. Nxd5 e6 20. Nc3 Qc7 21. exd6 Qxd6 22.
Ne4 Qc7 23. g4 Red8 24. Kh1 Ra8 25. Qh4 Bc6 26. Nf6+ Bxf6 27. Qxf6 Bxg2+ 28.
Kxg2 Qc6+ 29. Kg3 Nc2 30. Bc3 Rxd3+ 31. Kh4 Nd4 32. f5 g5+ 33. Kh5 Rxh3# 0-1

[Event "Xtracon Chess Open 2017"]
[Site "Helsingor DEN"]
[Date "2017.07.30"]
[Round "10.158"]
[White "Wallin, Kenneth"]
[Black "Nielsen, Kai Gylling"]
[Result "1/2-1/2"]
[WhiteElo "1633"]
[BlackElo "1808"]
[WhiteFideId "1712861"]
[BlackFideId "1406400"]
[EventDate "2017.07.22"]

1. d4 Nf6 2. Nf3 g6 3. c4 c5 4. e3 Bg7 5. Nc3 cxd4 6. exd4 d6 7. Be2 O-O 8. O-O
d5 9. Bf4 a6 10. h3 dxc4 11. Bxc4 b5 12. Bb3 Bb7 13. Ne5 Nd5 14. Qd2 e6 15. Rfe1
Nxf4 16. Qxf4 Nc6 17. Rad1 Qc7 18. Rd2 Rad8 19. Qe3 Na5 20. Nxf7 Nxb3 21. Nxd8
Nxd2 22. Nxe6 Nc4 23. Nxc7 Nxe3 24. fxe3 b4 25. Na4 Rc8 26. Rc1 Bh6 27. Kf2 Rf8+
28. Ke2 Bxg2 29. Nxa6 Rf3 30. Rc8+ Kf7 31. Rc7+ Kf6 32. e4 Re3+ 33. Kf2 Bxe4 34.
N4c5 Bb1 35. Rxh7 Rxh3 36. Kg2 Rh5 37. Nd7+ Ke6 38. Nac5+ Kd6 39. Nf6 Rh4 40.
Kg3 Rxd4 41. Nce4+ Bxe4 42. Nxe4+ Rxe4 43. Rxh6 Re6 44. Kf3 Kc5 45. Rh4 Ra6 46.
a3 bxa3 47. bxa3 Rxa3+ 48. Kf4 Ra1 49. Rg4 Ra4+ 1/2-1/2

[Event "Xtracon Chess Open 2017"]
[Site "Helsingor DEN"]
[Date "2017.07.30"]
[Round "10.159"]
[White "Jansson, Helge"]
[Black "Haugaard, Thomas"]
[Result "0-1"]
[WhiteElo "1627"]
[BlackElo "1797"]
[WhiteFideId "1523198"]
[BlackFideId "1414330"]
[EventDate "2017.07.22"]

1. e4 e5 2. Nf3 Nc6 3. d4 exd4 4. Bc4 Nf6 5. e5 d5 6. Bb5 Ne4 7. Nxd4 Bc5 8. Be3
Bd7 9. Bxc6 bxc6 10. O-O Bb6 11. f3 Nc5 12. f4 Ne4 13. Nc3 Nxc3 14. bxc3 c5 15.
Nb3 c4 16. Nd4 c5 17. Nf3 Bc6 18. e6 f6 19. f5 Qe7 20. g4 g6 21. Kf2 O-O-O 22.
a4 Bc7 23. h3 g5 24. a5 h5 25. Rh1 hxg4 26. hxg4 Qd6 27. Ke2 d4 28. Rxh8 Rxh8
29. cxd4 Bxf3+ 30. Kxf3 Qg3+ 31. Ke4 Qg2+ 32. Qf3 Qxc2+ 33. Kd5 Rd8+ 34. Kxc5
Bd6+ 35. Kc6 Qb2 36. Kd5 Qb7+ 0-1

[Event "Xtracon Chess Open 2017"]
[Site "Helsingor DEN"]
[Date "2017.07.30"]
[Round "10.160"]
[White "Warston, Hakan"]
[Black "Erikstad, Olav"]
[Result "0-1"]
[WhiteElo "1623"]
[BlackElo "1781"]
[WhiteFideId "1717367"]
[BlackFideId "1504983"]
[EventDate "2017.07.22"]

1. d4 c6 2. c4 d5 3. Nf3 Nf6 4. Nc3 e6 5. Bg5 dxc4 6. a4 Bb4 7. e4 Qa5 8. e5 Ne4
9. Bd2 Nxc3 10. bxc3 Bxc3 11. Rc1 Bxd2+ 12. Nxd2 b5 13. Ra1 Qc3 14. axb5 cxb5
15. Rc1 Qxd4 16. Qf3 Qxe5+ 17. Be2 Qd5 18. Nxc4 bxc4 19. Rxc4 O-O 20. O-O Ba6
21. Qxd5 exd5 22. Rc2 Bxe2 23. Rxe2 Nc6 24. Rc1 Rac8 25. Rec2 Nd4 26. Rxc8 Ne2+
27. Kf1 Nxc1 28. Rxc1 Rd8 29. Rc7 Ra8 30. Rd7 a5 31. Rxd5 a4 32. Rd2 a3 33. Ra2
Kf8 34. Ke2 Ke7 35. Kd3 Kd6 36. Kc4 Ra7 37. Kb3 Kd5 38. Rd2+ Ke4 39. Ka2 f5 40.
Rd8 g5 41. Re8+ Kf4 42. Re3 g4 43. g3+ Kg5 44. Re8 Rd7 45. Re2 Rd3 46. Rc2 Rf3
47. Re2 Kf6 48. Ka1 f4 49. Ka2 Kf5 50. Ka1 Rb3 51. Ka2 Rb2+ 52. Rxb2 axb2 53.
Kxb2 Ke4 54. Kc2 fxg3 55. fxg3 Kf3 56. Kd3 Kg2 57. Ke3 Kxh2 58. Kf4 Kh3 0-1

[Event "Xtracon Chess Open 2017"]
[Site "Helsingor DEN"]
[Date "2017.07.30"]
[Round "10.161"]
[White "Matsumura, Cocoro"]
[Black "Wiberg, Jonas"]
[Result "0-1"]
[WhiteElo "1621"]
[BlackElo "1773"]
[WhiteFideId "36087114"]
[BlackFideId "1720090"]
[EventDate "2017.07.22"]

1. e4 c6 2. d4 d5 3. e5 Bf5 4. Be3 e6 5. Nd2 Nd7 6. Ngf3 Ne7 7. c3 h6 8. Be2 Qb6
9. Qb3 Nc8 10. O-O Be7 11. Rfc1 O-O 12. Ne1 Rd8 13. Bd3 Bxd3 14. Nxd3 Bf8 15.
Qc2 Ne7 16. f3 Rac8 17. Qb3 Nf5 18. Bf2 Qxb3 19. axb3 a6 20. b4 g6 21. b3 Be7
22. Nf1 Kh7 23. Ne3 Nxe3 24. Bxe3 Re8 25. Nc5 Bxc5 26. bxc5 Nf8 27. c4 g5 28. g3
Ng6 29. Re1 Rg8 30. Bf2 Ne7 31. g4 Rcd8 32. Rad1 Rd7 33. Re2 Rgd8 34. Kf1 Ng6
35. Be3 dxc4 36. bxc4 Nxe5 37. Bxg5 hxg5 38. Rxe5 Rxd4 39. Rb1 Rd1+ 40. Re1 Rxb1
41. Rxb1 Rd7 42. Ke2 Kg7 43. Ke3 f5 44. gxf5 exf5 45. f4 g4 46. h3 gxh3 47. Rb2
Kf6 48. Kf3 Rh7 49. Rh2 a5 50. Ke3 a4 51. Kd3 a3 52. Kc3 a2 53. Kb2 Rh4 54. Kxa2
Kg6 55. Kb3 Kh5 56. Kc3 Kg4 57. Kd3 Kxf4 58. Rh1 h2 59. Ke2 Kg3 60. Kd3 Kg2 61.
Rxh2+ Kxh2 62. Kc3 f4 63. Kd3 f3 64. Ke3 Kg2 0-1

[Event "Xtracon Chess Open 2017"]
[Site "Helsingor DEN"]
[Date "2017.07.30"]
[Round "10.162"]
[White "Gaure, Sigurd Lauvas"]
[Black "Rasmussen, Henning2"]
[Result "1/2-1/2"]
[WhiteElo "1619"]
[BlackElo "1770"]
[WhiteFideId "1524933"]
[BlackFideId "1410962"]
[EventDate "2017.07.22"]

1. e4 e6 2. d4 d5 3. e5 c5 4. c3 Nc6 5. Nf3 Qb6 6. a3 cxd4 7. cxd4 Bd7 8. b4
Nge7 9. Bb2 Nf5 10. Be2 Be7 11. O-O Rc8 12. Bc3 a6 13. h3 Na7 14. Bd3 Bb5 15.
Re1 Bxd3 16. Qxd3 Nb5 17. Bb2 O-O 18. Nc3 Nxc3 19. Bxc3 Rc7 20. Rac1 Rfc8 21.
Rc2 Qa7 22. Rec1 b6 23. a4 Qb7 24. Bd2 Rxc2 25. Rxc2 Rxc2 26. Qxc2 Bd8 27. Bg5
Bxg5 28. Nxg5 h6 29. Nf3 Ne7 30. Qc3 Qc6 31. Qa3 Qc7 32. b5 a5 33. Qd6 Qc1+ 34.
Kh2 Nc8 35. Qd8+ Kh7 36. Qf8 Qf4+ 37. Kh1 Qc1+ 38. Ng1 Qc7 39. Ne2 Qc2 40. Ng3
Kg6 41. Kh2 Qc7 42. Nh5 f6 43. Qe8+ Kh7 44. Qxe6 fxe5 45. Qf5+ Kg8 46. dxe5 d4
47. g3 d3 48. Qxd3 Qxe5 49. Qd8+ Kh7 50. Qxc8 Qxh5 51. Qc6 Qd1 52. Qe4+ Kg8 53.
Qe6+ Kh7 54. Qxb6 Qxa4 55. Qa6 Qd4 56. Kg2 Qe4+ 57. Kf1 Qd3+ 58. Ke1 Qe4+ 59.
Kf1 Qd3+ 60. Ke1 Qe4+ 1/2-1/2

[Event "Xtracon Chess Open 2017"]
[Site "Helsingor DEN"]
[Date "2017.07.30"]
[Round "10.163"]
[White "Pedersen, Carl Aage"]
[Black "Fransson, Pia"]
[Result "1-0"]
[WhiteElo "1758"]
[BlackElo "1482"]
[WhiteFideId "1417614"]
[BlackFideId "1724207"]
[EventDate "2017.07.22"]

1. d4 Nf6 2. c4 g6 3. Nc3 Bg7 4. e4 d6 5. f3 O-O 6. Be3 e5 7. d5 Nh5 8. g4 Bh6
9. Bxh6 Qh4+ 10. Kd2 Ng3 11. Bxf8 Nxh1 12. Qe2 Kxf8 13. Nd1 f5 14. Qg2 fxg4 15.
fxg4 Bxg4 16. Qxh1 Bxd1 17. Rxd1 Qf2+ 18. Kc1 Kg7 19. Qg2 Qe3+ 20. Kb1 Na6 21.
Bd3 Nc5 22. Qd2 Qd4 23. Nf3 Nxe4 24. Nxd4 Nxd2+ 25. Rxd2 exd4 26. Re2 Rf8 27.
Re7+ Rf7 28. Rxf7+ Kxf7 29. Kc2 Kf6 30. Kd2 h6 31. Ke2 g5 32. Kf3 h5 33. h3 Ke5
34. b4 c6 35. dxc6 bxc6 36. a4 c5 37. b5 d5 38. a5 g4+ 39. hxg4 hxg4+ 40. Kxg4
dxc4 41. Bxc4 Kd6 42. Kf4 Kc7 43. Ke4 Kd6 44. Bb3 Kc7 45. Kd3 Kd6 46. Kc4 Ke5
47. Kxc5 d3 48. b6 1-0

[Event "Xtracon Chess Open 2017"]
[Site "Helsingor DEN"]
[Date "2017.07.30"]
[Round "10.164"]
[White "Christensen, John Christopher Hojstrup"]
[Black "Merkesvik, Amalie Isabel"]
[Result "0-1"]
[WhiteElo "1603"]
[BlackElo "1754"]
[WhiteFideId "1453947"]
[BlackFideId "1514369"]
[EventDate "2017.07.22"]

1. e4 c5 2. Nf3 d6 3. d4 cxd4 4. Nxd4 Nf6 5. Nc3 a6 6. Bc4 e6 7. Bb3 b5 8. Bg5
Be7 9. Bxf6 Bxf6 10. O-O O-O 11. a3 Bb7 12. Qd2 Qb6 13. Rfd1 Rd8 14. Kf1 Nd7 15.
f3 Nc5 16. Rac1 h6 17. Ra1 d5 18. exd5 Nxb3 19. Nxb3 Bxd5 20. Qf2 Bc4+ 21. Ke1
Bxc3+ 22. bxc3 Qc7 23. Qc5 Qxh2 24. Qf2 Qh1+ 0-1

[Event "Xtracon Chess Open 2017"]
[Site "Helsingor DEN"]
[Date "2017.07.30"]
[Round "10.165"]
[White "Joensen, Jon Magnus"]
[Black "Hojgaard, Brandur"]
[Result "0-1"]
[WhiteElo "1600"]
[BlackElo "1747"]
[WhiteFideId "7201915"]
[BlackFideId "7201478"]
[EventDate "2017.07.22"]

1. e4 c5 2. Nf3 e6 3. c4 g6 4. g3 Bg7 5. Bg2 Nc6 6. O-O Nge7 7. Nc3 O-O 8. Rb1
d6 9. b3 a6 10. a4 Nb4 11. Ba3 Nec6 12. Ne1 Rb8 13. Bb2 b6 14. Ne2 e5 15. h3 Be6
16. Nc3 Qd7 17. Kh2 f5 18. d3 f4 19. g4 Nd4 20. Nf3 Qe7 21. Nxd4 exd4 22. Nd5
Bxd5 23. exd5 Be5 24. f3 a5 25. Qd2 Rbe8 26. Rbe1 Qd8 27. Rd1 Bf6 28. Rfe1 Re3
29. Rxe3 fxe3 30. Qe2 Be5+ 31. Kg1 Qh4 32. Bc1 Qg3 33. Kf1 Kg7 34. Bxe3 dxe3 35.
Qxe3 Qf4 36. Qxf4 Bxf4 37. Kf2 Re8 38. h4 Nc2 39. Bh3 Nd4 40. g5 Re3 41. Bg4
Re2+ 42. Kf1 Bg3 43. h5 Rf2+ 44. Kg1 Ne2+ 0-1

[Event "Xtracon Chess Open 2017"]
[Site "Helsingor DEN"]
[Date "2017.07.30"]
[Round "10.166"]
[White "Tryggestad, Linnea Garberg"]
[Black "Dittrich, Hans-Georg"]
[Result "1/2-1/2"]
[WhiteElo "1597"]
[BlackElo "1742"]
[WhiteFideId "1518623"]
[BlackFideId "12923591"]
[EventDate "2017.07.22"]

1. d4 Nf6 2. Bg5 c5 3. Bxf6 gxf6 4. c3 Qb6 5. Qd2 Bg7 6. Nf3 d6 7. e3 Nd7 8. b3
f5 9. Na3 Nf6 10. Bb5+ Bd7 11. Bxd7+ Nxd7 12. Nc4 Qa6 13. Qc2 e6 14. Rd1 b5 15.
Ncd2 c4 16. b4 Qc6 17. Ra1 Ke7 18. a4 a6 1/2-1/2

[Event "Xtracon Chess Open 2017"]
[Site "Helsingor DEN"]
[Date "2017.07.30"]
[Round "10.167"]
[White "Rasmussen, Ole"]
[Black "Christophersen, David"]
[Result "1/2-1/2"]
[WhiteElo "1577"]
[BlackElo "1741"]
[WhiteFideId "1417118"]
[BlackFideId "1413619"]
[EventDate "2017.07.22"]

1. e4 d5 2. exd5 Qxd5 3. Nc3 Qd6 4. d4 Nf6 5. Nf3 Bg4 6. Be2 c6 7. Be3 Nbd7 8.
O-O O-O-O 9. Ng5 Be6 10. Nxe6 fxe6 11. Bf3 Nd5 12. Ne4 Qc7 13. Re1 1/2-1/2

[Event "Xtracon Chess Open 2017"]
[Site "Helsingor DEN"]
[Date "2017.07.30"]
[Round "10.168"]
[White "Maselli, David"]
[Black "Winther, Bjarke Rosenborg"]
[Result "1/2-1/2"]
[WhiteElo "1568"]
[BlackElo "1741"]
[WhiteFideId "2814159"]
[BlackFideId "1447173"]
[EventDate "2017.07.22"]

1. d4 d5 2. c4 c6 3. Nc3 Nf6 4. e3 Bg4 5. Be2 Bxe2 6. Qxe2 e6 7. Nf3 Nbd7 8. O-O
Be7 9. e4 dxe4 10. Nxe4 Nxe4 11. Qxe4 Nf6 12. Qd3 Qc7 13. a3 Rd8 14. Qb3 O-O 15.
Rd1 a6 16. Bg5 h6 17. Bh4 b5 18. Rac1 Qb7 19. cxb5 1/2-1/2

[Event "Xtracon Chess Open 2017"]
[Site "Helsingor DEN"]
[Date "2017.07.30"]
[Round "10.169"]
[White "Tonnesen, Jan Ryder"]
[Black "Schouten, Mathias Lind"]
[Result "0-1"]
[WhiteElo "1575"]
[BlackElo "1734"]
[WhiteFideId "1461869"]
[BlackFideId "1532790"]
[EventDate "2017.07.22"]

1. e4 e5 2. Nf3 Nc6 3. Bc4 Nf6 4. Nc3 Nxe4 5. Nxe4 d5 6. Nc3 dxc4 7. h3 Bd6 8.
d3 cxd3 9. cxd3 O-O 10. Bg5 f6 11. Qb3+ Kh8 12. Be3 Qe7 13. O-O-O Qf7 14. Qxf7
Rxf7 15. d4 exd4 16. Nxd4 Nxd4 17. Bxd4 Bf5 18. Rhe1 Bf4+ 19. Be3 Bxe3+ 20. Rxe3
h5 21. h4 Rd7 22. Rxd7 Bxd7 23. f4 Re8 24. Kd2 Rxe3 25. Kxe3 Be6 26. g3 Kg8 27.
Ne2 Kf7 28. Nd4 Bd7 29. b4 Ke7 30. Ne2 Kd6 31. Kd4 b6 32. a3 c5+ 33. bxc5+ bxc5+
34. Kc3 Kd5 35. Kd2 Ke4 36. Ng1 Bg4 37. a4 a5 38. Kc3 Ke3 0-1

[Event "Xtracon Chess Open 2017"]
[Site "Helsingor DEN"]
[Date "2017.07.30"]
[Round "10.170"]
[White "Tolba, Henri"]
[Black "Palozza, Flavio"]
[Result "1-0"]
[WhiteElo "1729"]
[BlackElo "1573"]
[WhiteFideId "1418246"]
[BlackFideId "2815740"]
[EventDate "2017.07.22"]

1. Nf3 d5 2. d4 Nf6 3. Bf4 e6 4. e3 c5 5. c3 Nc6 6. Nbd2 Be7 7. Bd3 h6 8. Ne5
O-O 9. Qf3 Re8 10. g4 Nxe5 11. dxe5 Nd7 12. Qh3 Nf8 13. Nf3 g5 14. Bg3 Kg7 15.
Qg2 f6 16. h4 Ng6 17. hxg5 fxg5 18. O-O-O a5 19. Rh5 c4 20. Bxg6 Kxg6 21. Rdh1
Rh8 22. Nd4 Bd7 23. f4 b5 24. f5+ exf5 25. e6 fxg4 26. Qc2+ Kg7 27. exd7 Qxd7
28. Qf5 Qxf5 29. Nxf5+ Kf6 30. Nxe7 Kxe7 31. Rxh6 Rxh6 32. Rxh6 Kd7 33. Rd6+ Ke7
34. Rxd5 b4 35. cxb4 axb4 36. e4 Rxa2 37. Bd6+ Ke6 38. Bxb4 Ra1+ 39. Kc2 Rg1 40.
Rxg5 g3 41. Bc3 1-0

[Event "Xtracon Chess Open 2017"]
[Site "Helsingor DEN"]
[Date "2017.07.30"]
[Round "10.171"]
[White "Horslund, Mikael"]
[Black "Damm, Henrik"]
[Result "1-0"]
[WhiteElo "1726"]
[BlackElo "1506"]
[WhiteFideId "1421042"]
[BlackFideId "1425013"]
[EventDate "2017.07.22"]

1. g3 Nf6 2. Bg2 d5 3. c4 Bf5 4. cxd5 Nxd5 5. e4 Be6 6. exd5 Bxd5 7. Nf3 e5 8.
O-O Bc5 9. Nc3 Bc6 10. Nxe5 Bxg2 11. Kxg2 O-O 12. Qb3 Nd7 13. Nxd7 Qxd7 14. Qd5
Qe7 15. d4 Bxd4 16. Qxd4 Rad8 17. Qe4 1-0

[Event "Xtracon Chess Open 2017"]
[Site "Helsingor DEN"]
[Date "2017.07.30"]
[Round "10.172"]
[White "Kumpen, Jona"]
[Black "Tjora, Alexander"]
[Result "1-0"]
[WhiteElo "1711"]
[BlackElo "1434"]
[WhiteFideId "238520"]
[BlackFideId "1528203"]
[EventDate "2017.07.22"]

1. d4 Nf6 2. Nf3 e6 3. Bg5 c5 4. e3 Nc6 5. c3 Be7 6. Bd3 d5 7. Nbd2 Bd7 8. O-O
Rc8 9. dxc5 Bxc5 10. e4 dxe4 11. Nxe4 Be7 12. Bxf6 gxf6 13. Qd2 Bf8 14. Rad1 h5
15. Bc2 Rc7 16. Qf4 Be7 17. Qg3 Kf8 18. Nd4 h4 19. Qd3 Ne5 20. Qe2 h3 21. f4 Rg8
22. g3 Ng4 23. Nf2 Nxf2 24. Rxf2 Bc5 25. Kh1 Qa8 26. Be4 e5 27. fxe5 fxe5 28.
Rxf7+ Kxf7 29. Bd5+ Ke8 30. Qxe5+ Kd8 31. Ne6+ Bxe6 32. Bxe6+ Ke8 33. Bxg8+ Re7
34. Qxc5 1-0

[Event "Xtracon Chess Open 2017"]
[Site "Helsingor DEN"]
[Date "2017.07.30"]
[Round "10.173"]
[White "Hestholm, Sverre"]
[Black "Gottschalck, Christian"]
[Result "1-0"]
[WhiteElo "1531"]
[BlackElo "1705"]
[WhiteFideId "1529161"]
[BlackFideId "1428357"]
[EventDate "2017.07.22"]

1. e4 d5 2. exd5 Nf6 3. d4 Bg4 4. Be2 Bxe2 5. Qxe2 Qxd5 6. Nf3 Nc6 7. c4 Qd6 8.
c5 Qd7 9. Be3 g6 10. b4 a6 11. Nc3 Bg7 12. Ne5 Nxe5 13. dxe5 Nd5 14. Bd4 e6 15.
Rb1 O-O 16. O-O Rfd8 17. Rfd1 Qc6 18. Ne4 Kh8 19. Nf6 Nf4 20. Qg4 Bxf6 21. exf6
Qe4 22. Be3 e5 23. Bxf4 Qxf4 24. Qxf4 exf4 25. Kf1 Kg8 26. Ke2 h5 27. Kf3 g5 28.
h4 Kh7 29. hxg5 Kg6 30. Kxf4 Re8 31. Rd7 Rac8 32. Rb2 Red8 33. Rbd2 Rxd7 34.
Rxd7 b6 35. c6 b5 36. a3 a5 37. bxa5 Ra8 38. Rxc7 Rxa5 39. Rb7 Ra4+ 40. Ke5 Ra5
41. Kd6 Rxa3 42. Rxb5 1-0

[Event "Xtracon Chess Open 2017"]
[Site "Helsingor DEN"]
[Date "2017.07.30"]
[Round "10.174"]
[White "Cuyx, Tomas"]
[Black "Kristensen, Lars Ostergaard"]
[Result "0-1"]
[WhiteElo "1495"]
[BlackElo "1701"]
[WhiteFideId "244619"]
[BlackFideId "1415018"]
[EventDate "2017.07.22"]

1. d4 Nf6 2. c4 d6 3. Nc3 Nbd7 4. Nf3 e5 5. e3 Be7 6. Be2 O-O 7. O-O c6 8. d5 a6
9. a4 c5 10. Nd2 Re8 11. Nde4 Nxe4 12. Nxe4 f5 13. Nc3 Nf6 14. Qc2 g6 15. e4 Kh8
16. Bd2 Rg8 17. Bd3 f4 18. a5 Qf8 19. Na4 Bg4 20. f3 Bh5 21. b4 g5 22. h3 Qh6
23. bxc5 dxc5 24. Rab1 g4 25. fxg4 Bxg4 26. hxg4 Nxg4 27. Bxf4 exf4 28. Rf2 Qh2+
29. Kf1 Ne3+ 0-1